000 00888 a2200193 i 4500
001 195896
003 42634
010 _a5-12-003208-7
090 _a195896
100 _a u||y y50 zz
200 _aІсторія України-Руси
_eв 11-ти т.
_dРепринтне видання
_eXIV-XVI віки - відносини політичні
_fред. Н.О. Климентьєва
_h12 кн. Т.IV
__Історія України-Руси. В 11-ти т. 12 кн. Т.IV
210 _aК.
_d1993
_cНаукова думка
215 _a544 с.
__544
225 _aПам’ятки історичної думки України
246 0 _aРепринтне видання
_bXIV-XVI віки - відносини політичні
686 _a63.3(4УКР)
_2rubbk
700 _aГрушевський
_bМ.
942 _2udc
_cBOOK
_j63.3(4УКР)
_z42634
999 _c42634
_d42634